00454nam a22001457a 4500008004100000020001800041050002100059100002200080245004400102250001200146260004300158300003100201500003700232650003900269161019b xxu||||| |||| 00| 0 eng d a9781405126939 aTT 509 .M38 2005 aMcKelvey, Kathryn aFashion source book/cKathryn McKelvey. a2nd ed. aOxford :bBlackwell Publishing,c2005. aiv, 266p. :bill. ;c25cm. aIncludes bibliography and index. aFashion drawing xpictorial works.